Kanye West's Songs - Statistics

General Stats
  • This quiz has been taken 2,732 times
    2,586 since last reset
  • The average score is 71 of 174
Answer Stats
Album Song % Correct
808s & Heartbreak Heartless
74%
My Beautiful Dark Twisted Fantasy Runaway
74%
Graduation Good Morning
73%
Graduation Flashing Lights
72%
Graduation Stronger
72%
The College Dropout All Falls Down
71%
Yeezus Bound 2
71%
Late Registration Gold Digger
68%
My Beautiful Dark Twisted Fantasy Power
68%
My Beautiful Dark Twisted Fantasy All of the Lights
67%
Graduation I Wonder
67%
My Beautiful Dark Twisted Fantasy Devil in a New Dress
66%
Ye Ghost Town
66%
The College Dropout Jesus Walks
66%
Donda Donda
65%
My Beautiful Dark Twisted Fantasy Dark Fantasy
64%
Graduation Homecoming
64%
The College Dropout Through the Wire
64%
The Life of Pablo Father Stretch My Hands Pt 1
62%
My Beautiful Dark Twisted Fantasy Monster
62%
Yeezus Black Skinhead
60%
Graduation Drunk and Hot Girls
60%
My Beautiful Dark Twisted Fantasy Gorgeous
58%
The Life of Pablo Pt 2
58%
Late Registration Touch The Sky
58%
Graduation Barry Bonds
57%
Graduation Champion
57%
The Life of Pablo Saint Pablo
57%
Graduation Can't Tell Me Nothing
56%
The Life of Pablo Famous
56%
The Life of Pablo No More Parties in LA
56%
The Life of Pablo Ultralight Beam
56%
Ye Violent Crimes
56%
Graduation Good Life
55%
The College Dropout Spaceship
55%
The Life of Pablo Wolves
54%
Donda Jail
52%
Yeezus On Sight
52%
Watch the Throne Otis
52%
The College Dropout We Don't Care
52%
Graduation Big Brother
51%
Donda Donda Chant
51%
Donda Hurricane
51%
Yeezus New Slaves
51%
The College Dropout The New Workout Plan
51%
Yeezus Blood on the Leaves
50%
Late Registration Diamonds From Sierra Leone
50%
Donda Off The Grid
50%
Kids See Ghosts Reborn
50%
My Beautiful Dark Twisted Fantasy Blame Game
49%
The College Dropout Family Business
49%
Watch the Throne No Church in the Wild
49%
Ye All Mine
48%
Late Registration Hey Mama
48%
The College Dropout Last Call
48%
The College Dropout Slow Jamz
48%
My Beautiful Dark Twisted Fantasy All of the Lights (Interlude)
47%
Graduation Everything I Am
47%
Ye I Thought About Killing You
47%
Late Registration Skit #1
47%
Late Registration Skit #2
47%
The Life of Pablo Waves
47%
Jesus Is King Follow God
46%
Late Registration Roses
46%
Late Registration Skit #3
46%
My Beautiful Dark Twisted Fantasy So Appalled
46%
808s & Heartbreak Welcome to Heartbreak
46%
My Beautiful Dark Twisted Fantasy Who Will Survive in America
46%
My Beautiful Dark Twisted Fantasy Hell of a Life
45%
The College Dropout Intro
45%
Ye Yikes
45%
Kids See Ghosts 4th Dimension
44%
Late Registration Heard 'Em Say
44%
Kids See Ghosts Kids See Ghosts
44%
My Beautiful Dark Twisted Fantasy Lost in the World
44%
808s & Heartbreak Paranoid
44%
Late Registration Skit #4
44%
The College Dropout Workout Plan
44%
Yeezus Hold My Liquor
43%
Donda Moon
43%
808s & Heartbreak RoboCop
43%
Donda Jail Pt 2
42%
808s & Heartbreak Street Lights
42%
Donda Praise God
41%
The College Dropout School Spirit
41%
The College Dropout Two Words
41%
Yeezus I Am a God
40%
Late Registration Late
40%
Graduation The Glory
40%
Late Registration We Major
40%
808s & Heartbreak Love Lockdown
39%
Late Registration Wake Up Mr West
39%
Jesus Is King Closed On Sunday
38%
808s & Heartbreak Coldest Winter
38%
Kids See Ghosts Cudi Montage
38%
Late Registration Drive Slow
38%
Kids See Ghosts Freee (Ghost Town Pt 2)
38%
808s & Heartbreak Pinocchio Story
38%
The Life of Pablo 30 Hours
37%
The Life of Pablo Fade
37%
Ye No Mistakes
37%
808s & Heartbreak Amazing
36%
Kids See Ghosts Fire
36%
The Life of Pablo FML
36%
Donda Junya
36%
Jesus Is King God Is
35%
808s & Heartbreak Say You Will
35%
The College Dropout Graduation Day
34%
The Life of Pablo Highlights
34%
The Life of Pablo I Love Kanye
34%
The College Dropout Never Let Me Down
34%
Yeezus Guilt Trip
33%
Watch the Throne Ni**as In Paris
33%
Jesus Is King Selah
33%
The College Dropout Breathe In Breathe Out
32%
Kids See Ghosts Feel The Love
32%
The College Dropout Get Em High
32%
Yeezus I'm In It
32%
Donda Jesus Lord
32%
The Life of Pablo Low Lights
32%
Donda Ok Ok
32%
The Life of Pablo Real Friends
32%
Late Registration Addiction
31%
Late Registration Crack Music
31%
The Life of Pablo Frank's Track
31%
Late Registration Gone
31%
The College Dropout Lil Jimmy Skit
31%
Jesus Is King On God
31%
Jesus Is King Water
31%
Ye Wouldn't Leave
31%
Late Registration Diamonds From Sierra Leone (Remix)
30%
The Life of Pablo Feedback
30%
The Life of Pablo Freestyle 4
29%
The College Dropout I'll Fly Away
29%
Donda Junya Pt 2
29%
Donda No Child Left Behind
29%
Yeezus Send It Up
29%
Donda 24
28%
The Life of Pablo Facts (Charlie Heat Version)
28%
Donda Ok Ok Pt 2
28%
Late Registration Celebration
27%
Donda Come To Life
27%
The College Dropout School Spirit Skit #1
27%
The College Dropout School Spirit Skit #2
27%
Jesus Is King Jesus Is Lord
26%
Donda Jesus Lord Pt 2
26%
Donda Remote Control
26%
808s & Heartbreak See You In My Nightmares
26%
The Life of Pablo Siiiiiiiiilver Surffffeeeeer Intermission
26%
Jesus Is King Use This Gospel
26%
Donda Jonah
25%
808s & Heartbreak Bad News
24%
Donda God Breathed
23%
Donda Believe What I Say
22%
Late Registration My Way Home
22%
Late Registration Bring Me Down
21%
Jesus Is King Every Hour
21%
Donda Heaven and Hell
21%
Donda Pure Souls
21%
Watch the Throne Lift Off
20%
Donda Keep My Spirit Alive
18%
Jesus Is King Everything We Need
17%
Watch the Throne Made in America
17%
Donda Tell The Vision
17%
Jesus Is King Hands On
16%
Donda New Again
16%
Watch the Throne Welcome to the Jungle
16%
Watch the Throne Why I Love You
16%
Watch the Throne Gotta Have It
15%
Watch the Throne Murder to Excellence
15%
Watch the Throne That's My Bitch
15%
Watch the Throne New Day
14%
Donda Lord I Need You
13%
Watch the Throne Who Gon Stop Me
13%
No matching quizzes found
Score Distribution
Percent of People with Each Score
Percentile by Number Answered
Your Score History
You have not taken this quiz since the last reset